000
00340nam a2200157Ia 4500
100
_a
Sloane/Paul
942
_c
BK
366
_f
20
654
_a
lateral thinking
245
_a
Leaders guide to Lateral thinking skills
260
_b
Kogan Page
_c
2007
082
_a
658.314/SLO
_b
SLO
300
_a
183
546
_a
ENGLISH
999
_c
32336
_d
32336